| 000 | 00000nas##2200000za#4500 |
| 001 | 9.504313 |
| 003 | CaOODSP |
| 005 | 20200331215435 |
| 007 | cr ||||||||||| |
| 008 | 150406c1993||||xxc|| m o||||f| |0fre|d |
| 040 | |aCaOODSP|bfre |
| 043 | |an-cn--- |
| 086 | 1 |aFo64F-PDF |
| 110 | 1 |aCanada.|bRessources naturelles Canada. |bService canadien des forêts. |
| 245 | 10|aRapport technique de foresterie |h[ressource électronique] |
| 260 | |aOttawa - Ontario : |bRessources naturelles Canada. |
| 310 | |aIrrégulier |
| 775 | 08|tForestry technical report |w(CaOODSP)9.507935 |
| 776 | 0#|tRapport technique de foresterie |w(CaOODSP)9.513039 |
| 776 | 0#|tRapport technique de foresterie |w(CaOODSP)9.513040 |